Movimientos Políticos y Procesos Electorales en México /
Colección de ponencias que dan cuenta de las modificaciones que se produjeron en el aparato electoral como consecuencia de las elecciones de 1988, cuando por primera vez en muchos años se vio amenazado el control priísta. La obra informa las transformaciones en la geografía electoral, en nuevo peso...
Guardado en:
| Autor principal: | |
|---|---|
| Otros autores: | |
| Formato: | Libro |
| Idioma: | Español |
| Colección: | (Fin de Milenio. Biblioteca Movimientos Sociales)
|
| Temas: | |
| Etiquetas: |
Sin etiquetas, Sé el primero en etiquetar este registro!
|
MARC
| LEADER | 00000nam^a2200000^a^4500 | ||
|---|---|---|---|
| 001 | 000032216 | ||
| 005 | 20250521000000.0 | ||
| 009 | 20260310085112.084 | ||
| 020 | |a 968-895-260-5 | ||
| 037 | |a Acervo ITESO - Biblioteca | ||
| 041 | |a ESP | ||
| 082 | |a 324. 972 |b TAM | ||
| 100 | |a Tamayo, Jaime |e (coord.) | ||
| 245 | 1 | 0 | |a Movimientos Políticos y Procesos Electorales en México / |c Coord. de J. Tamayo, L. Valdés Zurita. |
| 264 | |a México : |b Universidad de Guadalajara, |c 1991 | ||
| 300 | |a 192 p. | ||
| 336 | |a texto |b txt |2 rdacontenido | ||
| 337 | |a sin mediación |b n |2 rdamedio | ||
| 338 | |a volumen |b nc |2 rdasoporte | ||
| 440 | 1 | |a (Fin de Milenio. |p Biblioteca Movimientos Sociales) | |
| 520 | |a Colección de ponencias que dan cuenta de las modificaciones que se produjeron en el aparato electoral como consecuencia de las elecciones de 1988, cuando por primera vez en muchos años se vio amenazado el control priísta. La obra informa las transformaciones en la geografía electoral, en nuevo peso de la izquierda y la incorporación a la contienda presidencial de agrupaciones o movimientos sociales. | ||
| 649 | |a XX | ||
| 650 | |a Política - |z México | ||
| 650 | |a Sistema Electoral - |z México | ||
| 650 | |a Elecciones - |z México | ||
| 700 | |a Valdés Zurita, Leonardo |e (coordinación) | ||
| 910 | |a Fondo General | ||
| 920 | |a Impresos - Libros | ||
| 930 | |a Colección General | ||
| 905 | |a 101 | ||
| 901 | |a 0322160100 |b IT1 |c ACC |i 032216 |u 20250521 | ||
| 902 | |a https://opac.biblio.iteso.mx/vufind/Record/000032216 | ||